Statistics for NBA All-Time 3-Point Leaders

Click here to take the quiz!

General Stats

  • This quiz has been taken 16 times
  • The average score is 5 of 15

Answer Stats

Answer% Correct
Ray Allen
93%
Reggie Miller
80%
Stephen Curry
67%
Dirk Nowitzki
47%
Paul Pierce
47%
Kobe Bryant
40%
Kyle Korver
33%
Jason Terry
27%
Jason Kidd
20%
Vince Carter
20%
Jamal Crawford
13%
Chauncey Billups
7%
Joe Johnson
7%
J.R. Smith
7%
Rashard Lewis
0%

Score Distribution

Percentile by Number Answered

Percent of People with Each Score

Your Score History

You have not taken this quiz